000 00722nam a2200241 i 4500
001 126770
003 ES-MaACL
005 20250820122305.0
007 t|
008 070214s1965 sp r ||||1| cat d
080 _a241.513
100 1 _aRetif, Louis.
_9182353
245 1 0 _aViure és dialogar /
_cLouis Rétif ; versió catalana de Josep Mª Totosaus.
250 _a1ª ed.
260 _aBarcelona :
_bNova Terra,
_c1965.
300 _a105 p. ;
_c16 cm.
490 1 _aEl grà de mostassa ;
_v10
650 7 _aCaridad
_2embne
_910780
700 1 _aTotosaus, Josep Mª,
_d1932-2014
_9111112
830 1 _aEl grà de mostassa ;
_v10
_9183339
852 4 _aES-MaACL
_jC-30081
999 _c126770
_d126770